Přehled obvodů řady CMOS 4000 : Obs. Díl I., 4000 .. 4099, 182 s.. Díl II., 41xx, 43xx, 45xx, 40xxx, 254 s /

Uložené v:
Podrobná bibliografia
Hlavný autor: Jedlička, Petr (Autor)
Médium: Kniha
Jazyk:Czech
Vydavateľské údaje: Praha : BEN - technická literatura, 1994
Vydanie:2.vyd.
Predmet:
Tagy: Pridať tag
Žiadne tagy, Buďte prvý, kto otaguje tento záznam!

MARC

LEADER 00000nam a22000003a 4500
001 stu7666
005 20150617225806.1
008 951130s1994----xr------------------cze-d
040 |a STU  |b slo 
041 0 |a cze 
044 |a xr 
080 |a 681.325.6 
080 |a 681.326.7  |7 stu_us_auth*stu8279 
084 |a B1265B  |2 INS  |7 stu_us_auth*stu6733 
084 |a C3230  |2 INS 
084 |a C5120  |2 INS  |7 stu_us_auth*stu6735 
100 1 |a Jedlička, Petr  |4 aut 
245 1 |a Přehled obvodů řady CMOS 4000 :  |b Obs. Díl I., 4000 .. 4099, 182 s.. Díl II., 41xx, 43xx, 45xx, 40xxx, 254 s /  |c [aut.] Jedlička,Petr 
250 |a 2.vyd. 
260 |a Praha :  |b BEN - technická literatura,  |c 1994 
300 |a 2.zv 
650 7 |a logické obvody  |2 stusub 
996 |b E80252  |c E*80252  |l EE12  |s P  |a 0  |w stu7666_0003